| 000 | 00940nam a2200217Ia 4500 | ||
|---|---|---|---|
| 999 |
_c40179 _d40179 |
||
| 001 | 6785 | ||
| 003 | GE_BSU | ||
| 005 | 20191230151044.0 | ||
| 008 | 181216s1939||||ge |||||||||||||| ||geo|| | ||
| 040 | _cGE_BSU | ||
| 041 | _ageo | ||
| 080 | _a821.353.1-92 გ-59 | ||
| 100 |
_aგოგიავა, კლიმენტი. _95998 |
||
| 245 |
_aაფრებიანი ხომალდები : _bმოთხრობები და ნარკვევები / _cკლიმენტი გოგიავა ; რედ. შ. თაბუკაშვილი. |
||
| 264 |
_aთბილისი : _bსაბლიტგამი, _c1939. |
||
| 300 |
_a105 გვ. ; _c15 სმ. |
||
| 653 | _aაფრებიანი ხომალდები | ||
| 653 | _aმოთხრობები და ნარკვევები | ||
| 700 |
_aთაბუკაშვილი, შ. _95999 |
||
| 942 |
_cBK _2udc |
||